| 000 | 00501nam a22001817a 4500 | ||
|---|---|---|---|
| 999 |
_c524837 _d524837 |
||
| 003 | NUST | ||
| 020 | _a- | ||
| 038 | _azafar Malik | ||
| 082 |
_a891.421 _bZAF |
||
| 100 |
_aZafar, Maqbool Mian _915628 |
||
| 245 |
_aPhir Gayan Rutaan / _cMian Zafar Maqbool |
||
| 260 |
_aGunjranwala : _bSain Maula Shah Welfare Society ; _c1988. |
||
| 300 | _a80 p. ; | ||
| 500 | _aPaperback | ||
| 880 |
_6100-02\r _aمیاں ظفر مقبول |
||
| 880 |
_6245-02\r _aپھر گئیاں رتاں |
||
| 942 |
_2ddc _cBK |
||